| 000 | 00646nam a22001817a 4500 | ||
|---|---|---|---|
| 999 |
_c184233 _d184233 |
||
| 005 | 20220117095400.0 | ||
| 010 | _aENG-131154 | ||
| 020 |
_a978-81-948-790-15 _c349.00 |
||
| 035 | _aEN-114686 | ||
| 037 | _bDBAD | ||
| 082 | _a320.4 | ||
| 100 | _aRajshekhar, M. | ||
| 245 |
_aDespite the State: _cM. Rajshekhar _bWhy India Lets Its people down and how they cope/ |
||
| 260 |
_aChennai _bWestland Publications Private Limited _c2021 |
||
| 270 |
_bChennai _a1st Floor, A Block, East Wing, Plot No. 40, SP Info City, Dr. MGR Salai, Perungudi, Kandanchavadi _e600096 |
||
| 300 |
_a300p. _c22cm(pbk) |
||
| 942 |
_2ddc _cEN _h320.4 _mRAJ |
||